ბათუმის შოთა რუსთაველის სახელმწიფო უნივერსიტეტის ბიბლიოთეკა

Статически неопределимые системы: построение и развитие алгоритмов. (ბიბ.ჩანაწერი № 47876)

000 -LEADER
fixed length control field 00602nam a2200193Ia 4500
001 - CONTROL NUMBER
control field 14752
003 - CONTROL NUMBER IDENTIFIER
control field GE_BSU
008 - FIXED-LENGTH DATA ELEMENTS--GENERAL INFORMATION
fixed length control field 181216s||||||||xx |||||||||||||| ||und||
040 ## - CATALOGING SOURCE
Transcribing agency GE_BSU
080 ## - UNIVERSAL DECIMAL CLASSIFICATION NUMBER
Universal Decimal Classification number 624.041
245 ## - TITLE STATEMENT
Title Статически неопределимые системы: построение и развитие алгоритмов.
245 ## - TITLE STATEMENT
Statement of responsibility, etc. Ред. И.М.Лыкова.
260 ## - PUBLICATION, DISTRIBUTION, ETC.
Place of publication, distribution, etc. Киев.
260 ## - PUBLICATION, DISTRIBUTION, ETC.
Name of publisher, distributor, etc. Будiвельник.
260 ## - PUBLICATION, DISTRIBUTION, ETC.
Date of publication, distribution, etc. 1968.
300 ## - PHYSICAL DESCRIPTION
Extent 309 стр. 21 см.
653 ## - INDEX TERM--UNCONTROLLED
Uncontrolled term Статически неопределимые системы.
942 ## - ADDED ENTRY ELEMENTS (KOHA)
Koha item type წიგნი
ეგზემპლარები
Withdrawn status Lost status Damaged status Not for loan Date acquired Barcode Date last seen Price effective from Koha item type
        2018-12-17 10019 2018-12-17 2018-12-17 წიგნი